| 000 | 00806nam a2200229Ii 4500 | ||
|---|---|---|---|
| 003 | JO-AjNU | ||
| 008 | 230605s9999||||xx |||||||||||||| ||und|| | ||
| 017 | _a2004/19991 | ||
| 020 | _a977-04-4624-6 | ||
| 040 |
_aJO-AjNU _bara _erda _cJO-AjNU |
||
| 041 | _aara | ||
| 050 | 1 | 4 | _aKRM642.2005 |
| 100 | 3 |
_aسليم ، أيمن سعد, _eauthor _932499 |
|
| 245 | 0 | 0 | _aمشكلات اتفاق التمويل " دراسة مقارنة " |
| 250 | _a(د،ط) | ||
| 264 | 3 | 1 | _aالقاهرة : دار النهضة العربية ، 2005 |
| 300 |
_a151ص _bيشتمل على مراجع ببلوغرافية ص ( 141 -144 ) |
||
| 336 |
_atext _btxt _2rdacontent |
||
| 337 |
_aunmediated _bn _2rdamedia |
||
| 338 |
_avolume _bnc _2rdacarrier |
||
| 650 | 4 |
_aالعقارات --مشكلات -- تمويل _932500 |
|
| 999 |
_aA13127 _c16695 _d16695 |
||